00313nam a2200121Ia 4500008004100000082001300041100002800054245004500082250001200127260002800139300000800167650001600175191201s2009 xx 000 0 und d a537bRAE aRAO,Nannapaneni Naryana 0aElements of Engineering Electromagnetics a3rd IMp aN. DelhibPearsonc2009 a831 aB.Tech(ECE)